A KÉSZ Csoport belső kommunikációjának vizsgálata

Bibliographic Details
Main Author: Gila Dóra
Other Authors: Dr. Harsányi Dávid
Format: Project work
Kulcsszavak:Belső kommunikáció
Szervezeti kommunikáció
Belső PR
belső kommunikációs eszközök
KÉSZ Csoport
Online Access:http://dolgozattar.uni-bge.hu/21016

MARC

LEADER 00000nnm a2200000 i 4500
001 dolg21016
005 20190904105543.0
008 190514suuuu hu o 000 hun d
040 |a BGE Dolgozattár Repozitórium  |b hun 
041 |a hu 
100 1 |a Gila Dóra 
245 1 2 |a A KÉSZ Csoport belső kommunikációjának vizsgálata  |c Gila Dóra  |h [elektronikus dokumentum] 
246 1 1 |a A KÉSZ Csoport belső kommunikációjának vizsgálata 
516 |a Project_work 
520 3 |a Dolgozatom a KÉSZ Csoport építőipari cég belső kommunikációjáról szól. Elemeztem az intern kommunikáció eszközeit, az információátadás sikerességét, valamint javaslatokat fogalmaztam meg azok javítására. 
695 |a Belső kommunikáció 
695 |a Szervezeti kommunikáció 
695 |a Belső PR 
695 |a belső kommunikációs eszközök 
695 |a KÉSZ Csoport 
700 1 |a Dr. Harsányi Dávid  |e ths 
856 4 0 |u http://dolgozattar.uni-bge.hu/21016/1/Gila_D%C3%B3ra_MYH3T8.pdf  |z Dokumentum-elérés